000 00240nam a22001217a 4500
040 _cHS
082 _a616
100 _aNA
245 _aBlood, lymphatic , and cardiovascular system
260 _aNA
_bNA
_cNA
300 _a291p.
942 _cEK
999 _c8756
_d8756